| 000 | 00839nam a22002057a 4500 | ||
|---|---|---|---|
| 005 | 20250918105411.0 | ||
| 008 | 250905b |||||||| |||| 00| 0 eng d | ||
| 020 | _a9786214092383 | ||
| 082 | _aDFil 613.7 Aq56 2024 | ||
| 100 |
_aAuino, John Michael D. _967310 |
||
| 245 |
_aPhysical activity towards health and fitness PATHFIT 3: _bdance, fitness, and tradition / _cJohn Michael D. Aquino, Julie Anne R. Palomaria, and Ernesto Thaddeus M. Solmerano. |
||
| 260 |
_aMandaluyong City : _bBooks Atbp. Publishing Corp., _c©2024. |
||
| 300 |
_aviii, 174 pages : _billustrations ; _c25 cm. |
||
| 500 | _aIncludes references. | ||
| 650 | 0 |
_aPhysical fitness _967769 |
|
| 650 | 0 |
_aPhysical activity. _967770 |
|
| 700 |
_aPalomaria, Julie Anne R. _967311 _eauthor. |
||
| 700 |
_aSolmerano, Ernesto Thaddeus M. _eauthor. _933596 |
||
| 942 |
_2ddc _cDFIL |
||
| 999 |
_c23696 _d23696 |
||